| 000 | 00620cam a2200217 a 4500 | ||
|---|---|---|---|
| 001 | 4979563 | ||
| 005 | 20180227033142.0 | ||
| 008 | 980428s1999 njua 001 0 eng | ||
| 010 | _a 98018962 | ||
| 020 | _a0136601359 | ||
| 040 |
_aDLC _cDLC _dDLC |
||
| 041 | _aeng | ||
| 080 | _a515 BRA | ||
| 082 | 0 | 0 |
_a515 BRA _221 |
| 100 | 1 | _a36 | |
| 101 | _aMAT | ||
| 245 | 1 | 0 |
_aSingle variable calculus / _cGerald L. Bradley, Karl J. Smith. |
| 906 |
_a7 _bcbc _corignew _d1 _eocip _f19 _gy-gencatlg |
||
| 942 |
_2ddc _cBK |
||
| 999 |
_c43535 _d43535 |
||